=LDR 00000nam 2200000 4500 =001 INLIS000000000019020 =005 20130612114129 =008 ***********************************Ind** =035 ##$$0010-061300000019020 =041 ##$$a Ind =082 ##$$a 028.5 =090 ##$$a 028.5, Bru t =100 ##$$a Brunelli, Roberto =245 ##$$a 366 kisah alkitab, kepala kapak air, Roberto Brunelli ; alih bahasa' Esther S. Mandjani =260 ##$$a 1996 $b Bogor =300 ##$$a ...jil, ilus, 19 cm =650 ##$$a Bacaan anak-anak-terjemahan =850 ##$$a NBPNMAT